Fill the Map of Africa by Guessing Currencies - Statistics

General Stats
  • This quiz has been taken 199 times
  • The average score is 37 of 54
Answers on the Map
Answers color-coded by a green-red scale on the quiz's map according to % correct below.
 
Answer Stats
Country % Correct
Burundian Franc
92%
Central African CFA Franc
92%
Central African CFA Franc
92%
Central African CFA Franc
92%
Central African CFA Franc
92%
Central African CFA Franc
92%
Central African CFA Franc
92%
Comorian Franc
92%
Congolese Franc
92%
Djiboutian Franc
92%
Guinean Franc
92%
Rwandan Franc
92%
West African CFA Franc
92%
West African CFA Franc
92%
West African CFA Franc
92%
West African CFA Franc
92%
West African CFA Franc
92%
West African CFA Franc
92%
West African CFA Franc
92%
West African CFA Franc
92%
Algerian Dinar
91%
Libyan Dinar
91%
Tunisian Dinar
91%
Liberian Dollar
89%
Namibian Dollar
89%
Egyptian Pound
88%
South Sudan Pound
88%
Sudanese Pound
88%
South African Rand
79%
Kenyan Shilling
74%
Somali Shilling
74%
Tanzanian Shilling
74%
Ugandan Shilling
74%
Moroccan Dirham
65%
Mauritian Rupee
49%
Seychellois Rupee
49%
Nigerian Naira
48%
Sierra Leonean Leone
46%
Angolan Kwanza
44%
Cape Verdean Escudo
44%
Ethiopian Birr
40%
Zimbabwe Gold / Zimbabwean Dollar / United States Dollar
40%
Malawian Kwacha
39%
Zambian Kwacha
39%
Ghanaian Cedi
37%
Botswanan Pula
35%
Malagasy Ariary
33%
Mozambican Metical
31%
São Tomé and Príncipe Dobra
31%
Eritrean Nakfa
30%
Lesotho Loti
29%
Gambian Dalasi
27%
Mauritanian Ouguiya
27%
Swazi Lilangeni
25%
No matching quizzes found
Score Distribution
Percent of People with Each Score
Percentile by Number Answered
Your Score History
You have not taken this quiz